LEADER 01103nam0 22003011i 450 001 UON00488008 005 20231205105319.458 010 $a88-85943-83-7 100 $a20180424d1993 |0itac50 ba 101 $aita 102 $aIT 105 $a|||| ||||| 200 1 $aFilosofia ed ebraismo$aDa Spinoza a Levinas$fa cura di Katja Tenenbaum e Paolo Vinci 210 $aFirenze$cLa Giuntina$d1993 215 $a150 p.$d24 cm. 606 $aEBRAISMO$3UONC003227$2FI 606 $aFILOSOFIA EBRAICA$3UONC006034$2FI 620 $aIT$dFirenze$3UONL000052 676 $a102$cMiscellanea di filosofia$v21 702 1$aTENENBAUM$bKatja$3UONV239043 712 $aGiuntina$3UONV246231$4650 801 $aIT$bSOL$c20240220$gRICA 899 $aSIBA - SISTEMA BIBLIOTECARIO DI ATENEO$2UONSI 912 $aUON00488008 950 $aSIBA - SISTEMA BIBLIOTECARIO DI ATENEO$dSI FS 06771 $eSI FP 13681 6 $sSmarrito 996 $aDa Spinoza a Levinas$91542091 996 $aFilosofia ed ebraismo$91542090 997 $aUNIOR LEADER 00843nam0 22002533i 450 001 NAP0397354 005 20251003044249.0 100 $a20081229d1984 ||||0itac50 ba 101 | $aita 102 $ait 181 1$6z01$ai $bxxxe 182 1$6z01$an 200 1 $aˆVol. 1.2: ‰Italia settentrionale$eparte seconda 210 $aRoma$cConsiglio nazionale delle ricerche$d1984 215 $a571-974 p.$d24 cm. 606 $aLaghi$2FIR$3CFIC016892$9I 676 $a551.48$9Idrologia$v14 801 3$aIT$bIT-000000$c20081229 850 $aIT-BN0095 912 $aNAP0397354 950 0$aBiblioteca Centralizzata di Ateneo$cv. 1-2$d 01SALA 551.48 CAG.ca$e 0104 9000004705 VMA (2 v. 2$fA $h20080212$i20080212 977 $a 01 996 $aITALIA settentrionale$9112286 997 $aUNISANNIO